| 000 | 00692nam a2200205Ia 4500 | ||
|---|---|---|---|
| 999 |
_c65209 _d65209 |
||
| 005 | 20240530110812.0 | ||
| 008 | 140319s2001 au a b 000 0 ara d | ||
| 017 | _bمصر . دار الكتب | ||
| 040 |
_aGCL / _cGCL |
||
| 082 | 0 | 4 |
_221 _a791.4309494 / _bش س |
| 100 | 1 | _aشاوب ، مارتن | |
| 245 | 1 | 2 |
_aالسينما السويسرية / _cمارتن شاوب |
| 250 | _aط.1 | ||
| 260 |
_aعمان : _bمركز الاهرام للنشر والترجمة والتوزيع، _c2001 . |
||
| 300 |
_a196 ص. : _bايض. ؛ _c20 سم. |
||
| 650 | 0 | 7 |
_aالسينما _2qrmak _zسويسرا |
| 651 | _2qrmak | ||
| 942 |
_2ddc _cBK |
||